La contribución de la minería a la construcción de un país llamado Colombia / (Registro nro. 323713)

Detalles MARC
000 -ENCABEZADO
Número de control [NR] 01294nam a22002417a 4500
005 - FECHA Y HORA DE LA ÚLTIMA TRANSACCIÓN
control field 20231214102920.0
008 - DE LONGITUD FIJA DE DATOS DE ELEMENTOS - INFORMACIÓN GENERAL
Elementos de longitud fija [NR] 231214b ||||| |||| 00| 0 eng d
020 ## - NUMERO INTERNACIONAL NORMALIZADO PARA LIBROS [R]
Número Internacional Normalizado del libro [NR] 9789585387041
040 ## - FUENTE DE CATALOGACION [NR]
Agencia de catalogación original [NR] CO-BoUCM
Quien Cataloga David Moreno
Quien Clasifica David Moreno
041 ## - CODIGO DE IDIOMA [R]
Código de idioma para texto/pista de sonido o título separado [R] Español
100 1# - ASIENTO PRINCIPAL--NOMBRE PERSONAL [NR]
Nombre personal [NR] Chaparro Ávila, Eduardo A.
ID Autoridad 179688
245 13 - MENCION DE TITULO [NR]
Título [NR] La contribución de la minería a la construcción de un país llamado Colombia /
Mención de responsabilidad, etc. [NR] Eduardo Alfonso Chaparro Ávila
250 ## - MENCION DE EDICION [NR]
Mención de edición [NR] Primera edición
260 ## - PUBLICACION, DISTRIBUCION, ETC. (PIE DE IMPRENTA) [R]
Lugar de publicación, distribución, etc. [R] Bogotá, COL
Nombre del editor, distribuidor, etc. [R] Sociedad Geográfica de Colombia
Fecha de publicación, distribución, etc. [R] 2022
300 ## - DESCRIPCION FISICA [R]
Extensión [R] 115 páginas,
Otros detalles físicos [NR] fotografias a color y blanco y negro, gráficos, ilustraciones y mapas
490 ## - MENCION DE SERIE [R]
Mención de serie [R] Exposiciones geográficas- publicación aperiódica No.25
501 ## - NOTA DE “CON” [R]
Nota de “Con” [NR] Un pasado minero regional. -- Un pasado minero indígena y colonial. -- La expedición botánica. -- La minería en la república. -- Ferrerías, Ferrocarril y carbón. -- Del barro y otros productos. -- El aporte académico. -- La minería en otras regiones de Colombia.
504 ## - NOTA DE BIBLIOGRAFIA, ETC. [R]
Nota de bibliografía, etc. [NR] Incluye referencias bibliográficas
630 ## - ASIENTO SECUNDARIO DE MATERIA - TITULO UNIFORME [R]
Título uniforme [NR] Industria minera
Subdivisión general [R] Historia
Subdivisión geográfica [R] Colombia
9 (RLIN) 179689
650 17 - ASIENTO SECUNDARIO DE MATERIA - TERMINO TEMATICO [R]
Término temático o nombre geográfico como elemento de entrada [NR] Industria minera
Subdivisión general [R] Dirección y administración
Subdivisión geográfica [R] Colombia
9 (RLIN) 179690
942 ## - ELEMENTOS DE ENTRADA AGREGADOS (KOHA)
Sistema de clasificación DEWEY
Tema principal Ciencias aplicadas
Tipo de ítem principal el descrito en 300a Libro
Edición 1
Clasificación 338.09
Parte restante de la signatura top. C462c
Título oculto en OPAC No
Existencias
Signatura topográfica Código de barras Última vez visto Ejemplar Costo de reposición Price effective from Tipo de ítem Perdido Sistema de clasificación Dañado No prestable Tipo de ítem específico Suprimido Ubicación habitual Ubicación actual Localización Fecha de creación Forma de adquisición
338.09 C462c 100172231 04/12/2025 Ej.1 26000.00 14/12/2023 Libro   DEWEY     Libro   Claustro Claustro Mezanine 14/12/2023 Donación